000 00730nas a2200253 4500
001 BR9512312
003 BR-BrBNA
005 20231205095631.0
007 ta
008 230509b bl.|||p| |||| 00| 00por d
040 _aBR-BrBNA
_bpor
_cBiblioteca Nacional de Agricultura
041 _a(Pt)
072 _aL53
100 1 _aBasile, J.R.
100 1 _aChebel, R.J.
100 1 _aBasele, L.F.
245 1 _aSuperovulacao em vacas da raca Holandesa com FSH ou PMSG
650 _aVaca
650 _aOvulacao
650 _aEmbriao
773 0 _tRevista Brasileira de Reproducao Animal (Brazil)
_xISSN 0102-0803
_g(1994), v. 18(3-4) p. 131-136
_wBR9512312
909 _a202311
_bLúcia
_c55
_dLúcia Elande
942 _2AGRIS
_n0
_cANA
999 _c151829
_d151829